000 00819nas a2200253 4500
001 BR0901674
003 BR-BrBNA
005 20231205112622.0
007 ta
008 230509b bl.|||p| |||| 00| 00por d
040 _aBR-BrBNA
_bpor
_cBiblioteca Nacional de Agricultura
041 _a(Pt)
072 _aJ11
100 1 _aRamos, C.R.B.A.
100 1 _aBrasil, E.M.
100 1 _aGeraldine, R.M.
245 1 _aAvaliação de metodos de extração, limpeza e purificação de aflatoxinas para analise em cromatografia liquida de alta eficiencia
650 _aMILHO
650 _aAFLATOXINA
650 _aCROMATOGRAFIA
773 0 _tPesquisa Agropecuaria Tropical (Brazil)
_xISSN 1517-6398
_g(Apr-Jun 2008), v. 38(2) p. 103-108
_wBR0901674
909 _a202311
_bLúcia
_c55
_dLúcia Elande
942 _2AGRIS
_n0
_cANA
999 _c198996
_d198996